La propaganda sobre programas sociales como acto de campaña : comentarios a las sentencias SUP-RAP-16/2009, SUP-RAP-156/2009 y acumulados /

Análisis de las sentencias emitidas por el Tribunal Electoral del Poder Judicial de la Federación, sobre dos casos en que se acusó al PAN de utilizar programas desarrollados con recursos públicos para atraer votos para el partido.

Guardado en:
Detalles Bibliográficos
Autor principal: Rábago Dorbecker, Miguel (autor)
Autor corporativo: Tribunal Electoral del Poder Judicial de la Federación (presen.)
Otros autores: Vázquez Murillo, Andrés Carlos (introducción) (introducción), Lara Patrón, Rubén de Jesús (introducción) (introducción)
Formato: Libro
Idioma:Español
Publicado: México : Tribunal Electoral del Poder Judicial de la Federación, 2011, c2011
Edición:Edición abreviada
Colección:(Comentarios a las Sentencias del Tribunal Electoral del Poder Judicial de la Federación ; 35)
Temas:
Etiquetas: Agrega una etiqueta
Sin etiquetas, Sé el primero en etiquetar este registro!

MARC

LEADER 00000nam^a2200000^a^4500
001 000317586
005 20250521000000.0
008 120123 20112011
009 20260310113347.534
020 |a 978-607-708-029-9 
037 |a Acervo ITESO - Biblioteca 
041 |a ESP 
082 |a 342. 7207  |b COM V. 35 
100 |a Rábago Dorbecker, Miguel  |e (autor) 
245 1 3 |a La propaganda sobre programas sociales como acto de campaña :  |b comentarios a las sentencias SUP-RAP-16/2009, SUP-RAP-156/2009 y acumulados /  |c M. Rábago Dorbecker ; introd. de A.C. Vázquez Murillo, R.J. Lara Patrón ; presen. del Tribunal Electoral del Poder Judicial de la Federación. 
250 |a Edición abreviada 
264 4 |a México :  |b Tribunal Electoral del Poder Judicial de la Federación,  |c 2011, c2011 
300 |a 81 p. 
336 |a texto  |b txt  |2 rdacontenido 
337 |a sin mediación  |b n  |2 rdamedio 
338 |a volumen  |b nc  |2 rdasoporte 
440 1 |a (Comentarios a las Sentencias del Tribunal Electoral del Poder Judicial de la Federación ;  |v 35) 
520 |a Análisis de las sentencias emitidas por el Tribunal Electoral del Poder Judicial de la Federación, sobre dos casos en que se acusó al PAN de utilizar programas desarrollados con recursos públicos para atraer votos para el partido. 
530 |a Existe una edición aumentada en formato digital en disco con el mismo título 
649 |a XX 
650 |a Tribunal Electoral del Poder Judicial de la Federación -  |x Tema Principal 
650 |a Tribunales Electorales -  |z México 
650 |a Partido Acción Nacional -  |x Tema Principal 
650 |a Programas Sociales -  |z México -  |x Tema Principal 
650 |a Propaganda -  |z México -  |x Tema Principal 
650 |a Inducción al Voto -  |z México -  |x Tema Principal 
650 |a Campaña Electoral -  |z México 
650 |a Derecho Electoral -  |z México -  |x Tema Principal 
650 |a Derecho Político -  |z México 
650 |a Derecho Constitucional -  |z México 
650 |a México -  |x Condiciones Jurídicas 
710 |a Tribunal Electoral del Poder Judicial de la Federación  |e (presen.) 
700 |a Vázquez Murillo, Andrés Carlos  |e (introducción) 
700 |a Lara Patrón, Rubén de Jesús  |e (introducción) 
910 |a Fondo General 
920 |a Impresos - Libros 
930 |a Colección General 
905 |a 101 
901 |a 0500204854  |b IT1  |c ACC  |i D57262  |u 20250521 
902 |a https://opac.biblio.iteso.mx/vufind/Record/000317586